000 00821nam a2200217 a 4500
001 52389
003 BD-RjUL
005 20211209075810.0
008 160920s1977 bg ||||| |||| 00| 0 ben d
035 _a(BD-RjUL)52509
040 _aBD-RjUL
_bben
_cBD-RjUL
_dBD-RjUL
041 _aben
082 _223
_a306.095492
_bISB 1977
100 _aইসলাম, আনোয়ারুল
_9144765
245 1 0 _aবাংলাদেশ সমাজ সংস্কৃতি সভ্যতা /
_cআনোয়ারুল ইসলাম
260 _aঢাকা :
_bবাংলা একাডেমী,
_c১৯৭৭.
300 _a[৬], ১৫৬ পৃ. ;
_c২১ সেমি
650 _aসংস্কৃতি
_zবাংলাদেশ
_9156752
650 _aCulture
_zBangladesh
_9156753
942 _2ddc
_cBK
999 _c52389
_d52389